LEADER 01433nam a2200277 4500 001 000000332762 003 CaOOAMICUS 005 20220428122717.0 008 190312s2016 it 000 u ita r 040 $aSeMil$bita 245 03$aLa chiesa parrocchiale san Giuseppe artigiano :$bBariana di Garbagnate Milanese : i dipinti di Natale Penati da Milano /$ca cura di Salvatore Capodici e Roberto Penati. 250 $aEd. commemorativa 264 1$a[S.l. :$bs.n.],$c2016$e(Manfredonia :$fArti Grafiche Digicopas) 300 $a72 p. :$bill. ;$c30 cm 500 $aIn testa al frontespizio: 1966-2016, nel 50° dell'istituzione della parrocchia 541 1 $aOmaggio mons. Mario Delpini (3P IV 461) 650 4$aPenati, Natale <1884-1955> - Opere.$0(OLS)http://semarc/subject/52176 650 4$aGarbagnate Milanese - Bariana - Chiese - San Giuseppe artigiano.$0(OLS)http://semarc/subject/52179 700 1 $aPenati, Roberto.$0(OLS)http://semarc/name/108352 700 1 $aCapodici, Salvatore.$0(OLS)http://semarc/name/41347 850 $aSeMil 852 $aSeMil$W1$xVenegono$y1$m3P IV 461$j212899$B225900$CSeMilBibl$Z2$F225900 $81 941 1 $a7 996 $6245$aLa chiesa parrocchiale san Giuseppe artigiano :$bBariana di Garbagnate Milanese : i dipinti di Natale Penati da Milano$9(OLS)http://semarc/title/421846 996 $6264$a[S.l. :$bs.n.]$9(OLS)http://semarc/publisher/29751 LEADER 00569naa a2200145 i 4500 001 000000307344 003 CaOOAMICUS 005 20180831172914.0 008 180831n it u000 u ita u 013 $a16048 040 $aSeMil$bita 100 1 $aGisana, Rosario .$0(OLS)http://semarc/name/76322 245 13$aLa vita di Cristo nella forma del vangelo (Fil 1,12-26) 650 4$aBibbia - NT - Epistola ai Filippesi, 1,12-26.$0(OLS)http://semarc/subject/47291 996 $6245$aLa vita di Cristo nella forma del vangelo (Fil 1,12-26)$9(OLS)http://semarc/title/415635